|
|
|
|
| LEADER |
00000nab a2200000 a 4500 |
| 001 |
vtls008182234 |
| 003 |
SK-MaSNL |
| 005 |
20260303180953.0 |
| 008 |
160329c2005 xo wrzp 0 0slo |
| 015 |
|
|
|a SNBRB2005/07
|2 snkbucl
|
| 040 |
|
|
|a SNKBUCL
|b slo
|c SNKBUCL
|e AACR2
|
| 041 |
0 |
|
|a slo
|
| 044 |
|
|
|a xo
|c SK
|
| 080 |
|
|
|a 616.14-007.64:061.3
|x (437.1/.2)
|2 1997
|
| 100 |
1 |
|
|a Rusnáková, Helena,
|c MUDr.
|4 aut
|9 839628
|
| 245 |
1 |
0 |
|a XXIX. flebologické dni v Hradci Králové
|c Helena Rusnáková
|
| 246 |
3 |
0 |
|a Dvadsiate deviate flebologické dni v Hradci Králové
|
| 300 |
|
|
|b Fotogr.
|
| 611 |
2 |
7 |
|a Flebologické dni
|n (29. :
|d 2004 :
|c Hradec Králové, Česko)
|2 SNK
|9 1207597
|
| 650 |
0 |
7 |
|a flebológia
|2 SNKPH
|9 140792
|
| 650 |
0 |
7 |
|a varixy
|2 SNKPH
|9 14076
|
| 773 |
0 |
|
|t Zdravotnícke noviny
|g Roč. X, č. 16 (2005)
|x 1335-4477
|
| 773 |
0 |
8 |
|t Lekárske listy
|g Č. 16 (2005), s. 23-27
|
| 852 |
|
|
|a SNK
|b KIS3GCP
|
| 958 |
|
|
|a MI
|
| 958 |
|
|
|a CZ
|
| 999 |
|
|
|c 2108218
|d 2110148
|